| 000 | 00682nam a2200181Ia 4500 | ||
|---|---|---|---|
| 008 | 151018s9999 xx 000 0 und d | ||
| 082 |
_bRBASDV880 _a891.464 |
||
| 100 | _aदा ग पाध्ये | ||
| 245 | _aसांप्रतचा चलनी नाण्याचा वाद | ||
| 250 | _b1 | ||
| 260 |
_bआर्यभूषण प्रेस _c1894 |
||
| 300 | _a48 | ||
| 600 | _aदा ग पाध्ये | ||
| 630 | _aसांप्रतचा चलनी नाण्याचा वाद | ||
| 700 | _aदा ग पाध्ये | ||
| 730 | _aसांप्रतचा चलनी नाण्याचा वाद | ||
| 942 | _cBOOK | ||
| 999 |
_c1003348 _d1003345 |
||